Statistics for Countries which are Poorer than their Neighbors

Click here to take the quiz!

General Stats

  • This quiz has been taken 63 times
  • The average score is 27 of 33

Answer Stats

CountryGDP per capita% Correct
Haiti1,800$
98%
North Korea1,700$
98%
United Kingdom43,600$
93%
Moldova5,700$
91%
SomaliaN/A
91%
Bolivia7,500$
89%
Yemen2,300$
89%
Honduras5,500$
87%
Nepal2,700$
87%
Niger1,200$
87%
Afghanistan1,900$
85%
Central African Republic700$
85%
Lesotho3,900$
85%
Cambodia4,000$
84%
Guyana8,300$
84%
Portugal30,300$
84%
Syria2,900$
82%
Burundi800$
80%
Canada48,100$
80%
East Timor5,000$
80%
Papua New Guinea3,800$
80%
Armenia9,100$
78%
Kosovo10,400$
78%
Gambia1,700$
76%
Ecuador11,200$
75%
Mongolia12,600$
75%
Malawi1,200$
73%
Bosnia and Herzegovina11,400$
71%
Liberia900$
71%
Denmark49,600$
69%
Bangladesh4,200$
67%
Belgium46,300$
67%
Guinea-Bissau1,800$
62%

Score Distribution

Percentile by Number Answered

Percent of People with Each Score

Your Score History

You have not taken this quiz